The revolt of the masses
Αποθηκεύτηκε σε:
| Κύριος συγγραφέας: | |
|---|---|
| Μορφή: | Βιβλίο |
| Γλώσσα: | English Spanish |
| Δημοσίευση: |
New York :
W.W. Norton & Co,
[1932].
|
| Θέματα: | |
| Ετικέτες: |
Προσθήκη ετικέτας
Δεν υπάρχουν, Καταχωρήστε ετικέτα πρώτοι!
|
MARC
| LEADER | 00000cam a2200000 i 4500 | ||
|---|---|---|---|
| 001 | 1/94849 | ||
| 008 | 081002s1932 us | ||| |||| ||eng|| | ||
| 035 | |l 10100597 | ||
| 040 | |a GR-MY-UA |b gre |e aacr | ||
| 041 | 1 | |a eng |h spa | |
| 082 | 7 | |a 305.562 |2 (22) | |
| 100 | 1 | |a Ortega y Gasset, Jose, |d 1883-1955. | |
| 245 | 1 | 4 | |a The revolt of the masses / |c Jose Ortega y Gasset. |
| 260 | |a New York : |b W.W. Norton & Co, |c [1932]. | ||
| 300 | |a 204 σ. ; |c 22 εκ. | ||
| 500 | |a This translation, authorized by Sr. Ortega y Gasset, remains anonymous at the translator's request. | ||
| 500 | |a Authorized translation from the Spanish. | ||
| 500 | |a Τίτλος πρωτοτύπου: La rebelion de las masas. | ||
| 650 | 0 | 0 | |a Proletariat. |
| 650 | 0 | 0 | |a Civilization. |
| 651 | 0 | |a Europe |x Civilization. | |
| 852 | |a INST |b RHODES |c AKA |e 20081002 |h 305.562 ORT |p 005400030849 |q 005400030849 |t BK |y 0 | ||
| 901 | |a BIBL4-2008-3 | ||
| 909 | |a Ρ |b 153160 | ||
| 970 | |a ΚΟΖΑ |b ΜΑΡΙΑ |z 2008/10/02 | ||